| 000 | 00528nam a22001817a 4500 | ||
|---|---|---|---|
| 005 | 20251126074311.0 | ||
| 008 | 251117b |||||||| |||| 00| 0 eng d | ||
| 020 | _a978-93-91208-34-9 | ||
| 041 | _aeng | ||
| 082 | _a615.1 DES-C | ||
| 100 |
_aDESAI, DR. CHIRAG K. PATEL, NISHITH , MANSURI, MS JITAL DESAI _98731 |
||
| 245 | _aA COMPITITIVE TEXTBOOK OF PHARMACOLOGY AT GLANCE | ||
| 250 | _a1ST ED, 2022 | ||
| 260 |
_aNEW DELHI _bINNOVATIVE PUBLICATION PVT, LTD _c2023 |
||
| 300 | _a206;P | ||
| 650 | _aPHARMACY | ||
| 942 | _cBK | ||
| 999 |
_c8903 _d8901 |
||